000 00754cab a2200217 4500
001 WB2901-56
008 090401t1993 xxu||||| |||| 00| 0 eng d
035 _a(Sirsi) u18579
041 _aeng
245 _aHamburg is booming
260 _c1993
350 _a0
490 _aIndependent on Sunday
_v3 January 1993, 4(2)
520 _aUnification has brought differing economic fortunes to Germany`s ports for as Rostock languishes in recession, Hamburg has become a boom town with a diversifying economy and 600,000 square metres of new office space built over the past three years.
650 _aBUSINESS DEVELOPMENT CORPORATION
650 _aGERMANY
650 _aHAMBURG
690 _aOVERSEAS-EUROPE
942 _n0
948 _c04/03/1997
999 _c12361
_d12361